Name one of the best Smash Ultimate player for every character - Statistics

General Stats
  • This quiz has been taken 4,034 times
  • The average score is 57 of 82
Answer Stats
Hint Answer % Correct
Mario Snow | Kurama | Nao | Samtea Silver | Shadow | Toguro | NoTag | Unfezant | Dominator | SuperDog
96%
Donkey Kong rarikkusu | MairudonaH.O | ChunkyKong | kuuhaku | poppy | Skelldany | Duplex | Fhantum | SlushieV2 | Puresalt
95%
Fox Light | kaninabe | Paseriman | RyuKai | Sticccy | Styx | Pez | Zoboomafoo | kou | comet
94%
Pikachu ShinyMark | ESAM | Neeroz | Yuzha | H4 | NocoBros | Tachyon | Shmu | Coolkid85 | storm
94%
Samus / Dark Samus Yaura | Sisqui | IcyMist | Quik | Teaser | toura | parume | Te-sHi | Joker | Spectral | Quinn
91%
Yoshi Yoshidora | Ron | fui | Pharaoh | Burst | Meme | obi | Floyd | JMafia | y0lT
91%
Peach / Daisy MuteAce | Umeki | Eik | Leaf | Ling | Yalmanac | Nuggetz | Kie | Cody | kuikomochi
89%
Luigi raru | WaKa | Luugi | Navy | Yamanaction | GuyGuy | ogatou | Lunia | Wise | Kiyarash
88%
Sheik Rox | Mr. R | Eim | WebbJP | VoiD | Phuzix | Sylph | Senn | Psionic | mion
88%
Ice Climbers Big D | futarinokiwami a! | Sin | harasen | tomisa | Phirb | ErickB | Dtier | AppleWiz | Dr. Sway
87%
Sonic Sonix | KEN | Wrath | Taikei | Clement | kurofune | Peli | Sonido | VaLoR | Craftis
87%
Ness Gackt | ATATA | Scend | PkChris | y0lT | sumaho | Nessboy12 | ascro | Pellon | Psysilex
86%
Wario Glutonny | Crepe Salee | Huto | loaf | Remrin | Harlonga | Skitz | Haven | Jordan | Uraomote
86%
Bowser hero | LeoN | Pollitopio | Zemmol | Gogesta | Rearlet | Mukuro~ | Stealth_Pilot | Sakana | Nanoash
86%
Diddy Kong Tweek | Ryouh | nyono knb | Chicken | Rivers | Neitono | Beastly | naocha | Aaron | Zinoto
86%
Jigglypuff BassMage | senra | UKIT | Braixen | Gin | Cannon Red | Arika | Kass | hororo | Vic
85%
Kirby Guilheww | JeJaJeJa | Kirbo | konokururu | gintama | NightPixL | Peacockkae | waiai | bancha | Jesuischoq
85%
Roy Kola | alice | tsuna | Goblin | Smokk | Lancelot | Javi | Flow | Mugen | jonhy
85%
Zero Suit Samus Marss | Doorstop | Leviathan | shion | iba | Maid | Show | Opsine | Kuro | AoS
85%
Falco MASA | Motsunabe | rarikkusu | Tilde | Larry Lurr | Dice | shupi | GotM | Ludo | kashiya
85%
Mr Game and Watch miya | Maister | Raflow | Monte | Sebayee | kaeru | maneraito | LA GRIMACE | Endothia | Regi Shikimi
85%
Snake Hurt | AlanDiss | ApolloKage | DIO | MVD | Kinaji | ryopei | kyou | Pelca | Chronos
84%
R.O.B zackray | Zomba | MKBigBoss | Anathema | kuroponzu | tameigo | sssr | Epic_Gabriel | Atomic | rapi
84%
Joker MKLeo | tsubaki | omega | gorioka | Santea Silver | Lemmon | Tsubotsubo | Luminous | Nair^ | Cloudy
82%
Rosalina and Luma Dabuz | SOLO | yuzu | MaT | BigFred | yama D | M.Pop0 | Homika | Burst | Ocha
81%
Olimar Shuton | Candle | uame | Tsubotsubo | Myran | Shinnnnnji | MFA | aigosuki | Shon | meiki
81%
Pac Man Tea | JDV | MoDzai | Sinji | Rocke | ratee | Zac | Pac-Slash | EKING | yoshikou
81%
Pit / Dark Pit Zackray | Silver | teto | Mistah Ping | midorun | RaZe | nata | MTK | Ed^ | kenchi
81%
Meta Knight Mkleo | Metara | AC | Sho | wanipachi | Lukechito | Uto | MaZo | BONK! | jyo1
80%
Steve acola | Syrup | Onin | DDee | Crepe Salee | karumero | Toon | Yamanaction | raki | Jake
79%
Byleth Reno | Rizeasu | Ly | Doex6 | Dmo_LP | Eleven | Justinbyleth | Calvaflow | Evaderburger | FlipperZ | MKLeo
79%
Cloud Sparg0 | Niko | enhancedpv | YOC | AnthonyIsntCool | CurryGovernor | Blacktwins13 | akasa | kendricklamarfan19
79%
Link kyon | Deltaforce | Bernie | T | VinS | isohel | Orange | GaleWing | Rave | Otakuni
78%
Palutena Lui$ | Raflow | Chase | Jagaimo | Chag | Atreus | Gen | Abandango | Border/Hopper | Zie
78%
Terry Riddles | AndresFn | Mustaine | JY | Ezs | YDelirious | mairuzu | anko | bodon | Que_ni_ni
78%
Bayonetta tama P Daifuku | Lima | Bloom4Eva | Geist | BECK99 | nizemamo | Blizzy McGuire | Samuuu | Deathspade | Amaryllis
78%
Little Mac Tarakotori | K.O. Kou | Peanut | karubi | LiiMac | Kwaz | Kajou | Alternis | WonderBread | A8Z
78%
Kazuya Tea | Riddles | Alice | raki | AndersFn | Wildz | miru | MoDzai | miko | Kreeg
78%
Lucina Leon | Mr. E | Parma Jawn | Tyranks | D LeGenDarY UwUFuFu | Psionic | Meercko | Jax | Scrambled | Bino
77%
Captain Falcon Jogibu | karaage | CaptainCrup!!! | Andrik | Sean | MFA | Sir Dank | Ogey | Spade | Osoman
76%
Corrin SHADIC | Neo | Die gorou | Ly | Suspect | RandumMNK | Newo | Dr : ver | Towa | dorenazu
76%
Pichu Yone_pi | NaetorU | drybie | Dizay | ninba | Sumgai | Mattyton | Karoegu | Rideae | Rat
76%
Ryu Asimo | AndresFn | Mauu | Vendetta | Munekin | Ikan | Smirk | Smurfposter | jakarot | Buandon
75%
Pyra and Mythra Shuton | Sparg0 | Snow | Cosmos | faiya | Space | riteshia | Castle | Zie | Tyler | DM | Blacktwins13
75%
Wolf Ouch!? | Jakal | masha | Chicken | atelier | Oryon | Dany2theny | tama | Pepo | Dexter
74%
Incineroar Skyjay | LittN! | hakadama | BullHall | gaosan | Mystery Sol | Shaine | D-Money | Seesaw | Misia
74%
Greninja Tarik | Moe | tsuna | Lea | Anarchy | Vanilla | IceKnight | tama | Raarchyor | some
74%
Dr Mario JaZaR | Tsumusuto | Winder | AK hanyu | BacoN | shissho | Mabel | KILL ALL OTAKU | KingP | Poppin
71%
Mega Man Peabnut | tomitomi | MPg | Chapstick | komugiko | BlitzLuigy | TriM | Waltz | VoltageStriker | NoLuck
70%
Hero Akakikusu | BeastModePaul | Chugs | shion | SPARKLE | kamisuke | Nair^ | Sobriquet Sola | Vivi | jakarot
69%
Young Link Supahsemmie | Jdizzle | ElleGo | Kobe | Suinoko | LemozonA | skittles | z3 | Clique | Ashton
66%
Min Min Doramigi | rimu | omuatsu | Chag | PeW | Oi, George | MaT | Xerzal | Justice | Mao | Peckham
65%
Ken Jahzz0 | Takera | AndresFn | Vendetta | Smirk | Smurfposter | DieGOD | Sytonix | ryochin | Venom
64%
Bowser Jr TM7_ZAP | Yoda Cage | Snormanda | Widara | Canario | rando bokumetsutai | rumi | Loi | EB kub4444 | masami
64%
Ganondorf higachan | Major | shinda raion | komegura | Nanaba | BIGBIGTTARFAN600FAN600 | MattBro | BetaMan | tosu | VGAddict
63%
Mii Gunner Capitancito | Lammers44 | Lolyoshi | WHIP | kuo | Amiin | Alibi | M.M.Leo | Sled | Ljovynn
62%
Mii Brawler KID | drybie | Apple Reviewer | JMafia | Osh9 | runamado | denkota | Scoops | rinoha | Yeast
62%
Sora Kameme | Raarchyor | white girl save me | Deathspade | Unleashed | AyaLin | Craftis | Terroxas | Noremac | Brr
61%
Ridley Mezcaul | smub | Nair^ | rydra | korinku 1219 | KEE | momon | C@den | Creepooba | moenaigoma
60%
Wii Fit Trainer Oolong | Injelly | John Numbers | X'avier | Silver | mizunashi tonoshibi sato | varun | pochi | Chunky | ishi
60%
Pokemon Trainer Quidd | Noi | Doorstop | maneraito | mastronarde | Beast | Natsu | tamo pio | Poww | Vibe
60%
Lucas JaZaR | Regalo | Nitox | ChocoTaco | denkota | SmashBros! | Bubbs | Wetdog189 | R4YMOND | Celestia
59%
Shulk akio | Kome | Kinaji | Elijmin | jaredisking1 | Nicko | Uncivil ninja | Dufaux | Fizzmint | FuerzaDON
58%
Chrom Lancelot | Lax | Kreeg | Chazz | Shigura | kazuhito | FrostKqt | _SEBA_ | 702 | Lavish
57%
Zelda Y n | Naskino | ZeroTwoNone | Maipan | Ray | Ven | Alo! | NaNo | Altek | Nik S | Frappe
57%
Banjo Kazooie Toriguri | OwlBBs | Juanpi | Wolfen | Paquito | Furinji | yaya | Luis | KoolK | mantis p
55%
Villager kept | JAVI ON EARTH | 21Card Trick | JoeCool | Kikuzakari | otori | SCents | fastcree | Blackrenown | prismoid
54%
Toon Link Lv. 1 | Shirome | Marvelous_Marco | kurosuke | Ang | JoJoDaHoBo | Spritzy | Failbot | Cattail | Deliboid
54%
Piranha Plant Lucky | tasu | Regi Shikimi | TeriTea | budo sake | nariyuki | Puriya | Brood | Dmitrii | aie
51%
Simon / Richter T3 DOM | YoseFu | Trigger | Meli | SquidPlumber | Karu! | moca | nubugorira | Liam | QualiT
51%
King K Rool Lukewarm | Bruho | boru #OKPG | Moo | Kople | RadioOvni | Vapor | Hijinx | DanyBoy | Kakpu
50%
Lucario Gachipi | Tsu | haruka. | Hanadon | Dorb | Joni | Polinomis | Kai Mystic | Happi | Byron
44%
Mewtwo Remrin | AC | Anbil | Eru.reido | Grade | TimPrater | PokeBlu | Griseous | Mudskip | Linotox | SUZUNE
44%
Isabelle kept | furarara men | rokki | Nery | Jaka | B-Rice | DelBelle | rizeo | mizaruna | deedles
43%
Sephiroth Reno | Leviathan | ned | Burst | KaPMK | SpacemanBadieboy69 | RandumMNK | zaK9999 | rabbi | Motoji
43%
Inkling Shirayuki | Colorondo8 | Levi | Shaneak | Bedgar | Blues | Utop-ian | Terroxas | Shrutik | mi
43%
Robin Leaf | Whisky | Lil Mr Raul | Synergy | Grandmaster | morrocoYo | Tuitt | iGreg! | Asellus | Hedgy
42%
Ike Rizeasu | tora | Black_Screen | rm8 |SdN | San | Roger | Lord | Luca | Infiknight
41%
Duck Hunt Moe | embo_z | jaga bata | mzk | GOCK IN MY RARI | BIGDUCKHUNTFAN7000 | SkWiirrel | katamari | Wisdom | CaKe
39%
King Dedede ZAKI | muhyoujou | kilogramHours | AOMORI | ari | o misoshiru | Castelia | guri | Paquito | Addy
36%
Marth Eleven | Chumples | jp8 | Geemoney$ | Astna | 30 SECONDS TO MARTH | jaguchi | Osuka | Fruit | ZeroFK
22%
Mii Swordfighter Relo | shissho | ScrubbedOut | TaloHalo | ZheBed | Jeepers | Haruuun | Big Future | Hindsight | Unsinnlos
17%
No matching quizzes found
Score Distribution
Percent of People with Each Score
Percentile by Number Answered
Your Score History
You have not taken this quiz